000 00339nam a2200145Ia 4500
008 191201s2012 xx 000 0 und d
082 _a620.112
_bCHS
100 _aCHAKRABORTI, M
245 0 _aStrength of Materials
250 _aRep
260 _aN. Delhi
_bS.K.Kataria
_c2012
300 _a983
650 _aB.Tech(CE)
942 _2ddc
_cBK
999 _c5425
_d5425